[Event "Verbandsliga Suedbaden 1718"]
[Site "Baden"]
[Date "2018.03.11"]
[Round "7.2"]
[White "Leutwyler, Martin"]
[Black "Schmid, Michael"]
[Result "1/2-1/2"]
[WhiteElo "2200"]
[BlackElo "2189"]
[PlyCount "85"]
[EventDate "2017.10.08"]
[EventType "team-tourn"]
[EventRounds "9"]
[EventCountry "GER"]
[SourceTitle "EXT 2019"]
[Source "ChessBase"]
[SourceDate "2018.10.10"]
[SourceVersion "1"]
[SourceVersionDate "2018.10.10"]
[SourceQuality "1"]
[WhiteTeam "Gottmadingen"]
[BlackTeam "Pfullendorf"]
[WhiteTeamCountry "GER"]
[BlackTeamCountry "GER"]

1. d4 Nf6 2. c4 g6 3. Nc3 Bg7 4. e4 d6 5. Nf3 0-0 6. h3 e5 7. d5 Na6 8. Be3 Nc5 9. Nd2 a5 10. g4 Ne8 11. h4 f5 12. g5 Rf7 13. Qe2 Bf8 14. h5 f4 15. Bxc5 dxc5 16. hxg6 hxg6 17. Nf3 Qe7 18. 0-0-0 Nd6 19. Bh3 Bxh3 20. Rxh3 Rh7 21. Rxh7 Kxh7 22. a4 Bg7 23. Rg1 Rh8 24. Nh4 Bf8 25. b3 Qd7 26. Nf3 Qe7 27. Rh1+ Kg7 28. Rxh8 Kxh8 29. Qf1 Bg7 30. Qh3+ Kg8 31. Qg4 Bf8 32. Kc2 Kf7 33. Kd3 Bg7 34. Qh3 Kg8 35. Qg4 Kf7 36. Nh4 Bf8 37. Kc2 Kg7 38. Nf3 Kf7 39. Nh4 Kg7 40. Nf3 Kf7 41. Qh3 Kg8 42. Kd3 Bg7 43. Qg4 1/2-1/2

[Event "Verbandsliga Suedbaden 1718"]
[Site "Baden"]
[Date "2018.02.18"]
[Round "6.2"]
[White "Schmid, Michael"]
[Black "Prill, Daniel"]
[Result "1/2-1/2"]
[WhiteElo "2189"]
[BlackElo "2230"]
[PlyCount "67"]
[EventDate "2017.10.08"]
[EventType "team-tourn"]
[EventRounds "9"]
[EventCountry "GER"]
[SourceTitle "EXT 2019"]
[Source "ChessBase"]
[SourceDate "2018.10.10"]
[SourceVersion "1"]
[SourceVersionDate "2018.10.10"]
[SourceQuality "1"]
[WhiteTeam "Pfullendorf"]
[BlackTeam "Heitersheim"]
[WhiteTeamCountry "GER"]
[BlackTeamCountry "GER"]

1. Nf3 Nf6 2. g3 d5 3. Bg2 c6 4. d3 Bf5 5. Nbd2 h6 6. 0-0 e6 7. Qe1 Be7 8. e4 Bh7 9. Qe2 0-0 10. Re1 dxe4 11. dxe4 Nbd7 12. a4 Nc5 13. Ne5 Qc7 14. Nec4 Rad8 15. f3 Nfd7 16. b4 Nxa4 17. Rxa4 b5 18. Ra2 bxc4 19. c3 c5 20. b5 Bf6 21. Ra3 Qb6 22. Nxc4 Qxb5 23. Be3 Nb6 24. Bf1 g5 25. Qa2 Qc6 26. Rc1 Nxc4 27. Qxc4 Rd7 28. Qxc5 Qxc5 29. Bxc5 Rc8 30. Rxa7 Rxa7 31. Bxa7 Rxc3 32. Rxc3 Bxc3 33. Bd3 f5 34. exf5 1/2-1/2

[Event "SUI-chT"]
[Site "Switzerland"]
[Date "2017.06.11"]
[Round "5.5"]
[White "Schmid, Michael"]
[Black "Ballmann, Martin"]
[Result "0-1"]
[WhiteElo "2186"]
[BlackElo "2393"]
[PlyCount "112"]
[EventDate "2017.03.19"]
[EventType "team-swiss"]
[EventRounds "9"]
[EventCountry "SUI"]
[SourceTitle "EXT 2018"]
[Source "ChessBase"]
[SourceDate "2017.10.13"]
[SourceVersion "1"]
[SourceVersionDate "2017.10.13"]
[SourceQuality "1"]
[WhiteTeam "Bodan"]
[BlackTeam "Winterthur"]
[WhiteTeamCountry "SUI"]
[BlackTeamCountry "SUI"]

1. Nf3 g6 2. g3 Bg7 3. d3 c5 4. e4 Nc6 5. Bg2 d6 6. Nc3 Rb8 7. Be3 Nd4 8. h3 b5 9. Qd2 b4 10. Nd1 e5 11. c3 bxc3 12. bxc3 Nxf3+ 13. Bxf3 Ne7 14. Bg2 0-0 15. 0-0 Be6 16. Rc1 Qa5 17. Rc2 Rb1 18. c4 Qxd2 19. Rxd2 Rfb8 20. Nc3 R1b6 21. h4 a6 22. Rfd1 h5 23. Kh2 Kh7 24. Bh3 Bh6 25. Kg2 Nc6 26. Bxe6 fxe6 27. Bxh6 Kxh6 28. Ne2 Kg7 29. f4 Rb2 30. Kf3 Kf6 31. Ke3 exf4+ 32. gxf4 e5 33. Nc3 exf4+ 34. Kxf4 Ne5 35. Ke3 Ng4+ 36. Ke2 Ke5 37. Nd5 Rf8 38. Ke1 Rb7 39. Rg2 Rf3 40. Ke2 Rh3 41. Rd2 Rxh4 42. Rc2 Rh3 43. Kd2 Rf7 44. Kc3 Rff3 45. Rcd2 Rhg3 46. Rxg3 Rxg3 47. Rb2 Nf6 48. Re2 h4 49. Ne3 h3 50. Nf1 Rg2 51. Re3 h2 52. Rh3 Ng4 53. a4 Rf2 54. Nd2 Kf4 55. a5 g5 56. Rh7 Ne5 0-1

[Event "Bodensee-Cup"]
[Site "Kreuzlingen"]
[Date "2017.05.07"]
[Round "3.3"]
[White "Schmid, Michael"]
[Black "Leutwyler, Martin"]
[Result "1/2-1/2"]
[WhiteElo "2194"]
[BlackElo "2183"]
[PlyCount "33"]
[EventDate "2017.05.05"]
[EventType "team-swiss"]
[EventRounds "3"]
[EventCountry "SUI"]
[SourceTitle "EXT 2020"]
[Source "ChessBase"]
[SourceDate "2019.10.17"]
[SourceVersion "1"]
[SourceVersionDate "2019.10.17"]
[SourceQuality "1"]
[WhiteTeam "Bodan+"]
[BlackTeam "Bodan+ II"]
[WhiteTeamCountry "GER"]
[BlackTeamCountry "GER"]

1. Nf3 d5 2. g3 c6 3. Bg2 Bg4 4. d3 Nd7 5. Nbd2 Ngf6 6. h3 Bh5 7. 0-0 e5 8. e4 dxe4 9. dxe4 Bc5 10. Qe1 0-0 11. a4 a5 12. Nc4 Re8 13. Bd2 b6 14. Nh4 Qc7 15. Nf5 Bg6 16. Nh4 Bh5 17. Nf5 1/2-1/2

[Event "SUI-chT"]
[Site "Switzerland"]
[Date "2017.04.09"]
[Round "2.7"]
[White "Schmid, Michael"]
[Black "Atlas, Dimitry"]
[Result "1-0"]
[WhiteElo "2186"]
[BlackElo "2175"]
[PlyCount "83"]
[EventDate "2017.03.19"]
[EventType "team-swiss"]
[EventRounds "9"]
[EventCountry "SUI"]
[SourceTitle "EXT 2018"]
[Source "ChessBase"]
[SourceDate "2017.10.13"]
[SourceVersion "1"]
[SourceVersionDate "2017.10.13"]
[SourceQuality "1"]
[WhiteTeam "Bodan"]
[BlackTeam "Luzern"]
[WhiteTeamCountry "SUI"]
[BlackTeamCountry "SUI"]

1. Nf3 d5 2. g3 Nf6 3. Bg2 g6 4. d3 Bg7 5. Nbd2 0-0 6. e4 Bg4 7. h3 Bxf3 8. Qxf3 e6 9. 0-0 c6 10. Qe2 Qb6 11. Kh1 a5 12. e5 Nfd7 13. f4 Na6 14. Nf3 Rfe8 15. h4 a4 16. a3 c5 17. c4 Nc7 18. h5 Qa6 19. Bd2 Rad8 20. g4 b5 21. cxd5 Nxd5 22. g5 N7b6 23. Rac1 c4 24. d4 Nc8 25. hxg6 hxg6 26. Nh2 Nce7 27. Ng4 Nf5 28. Qf2 Qa7 29. Bc3 Qe7 30. Be4 Rd7 31. Bxf5 exf5 32. Nf6+ Bxf6 33. gxf6 Nxf6 34. exf6 Qe4+ 35. Qf3 Re6 36. Qxe4 fxe4 37. Rce1 Rd5 38. Re3 Rf5 39. Kg2 Re8 40. Rh3 Rh5 41. Rxh5 gxh5 42. Kf2 1-0

[Event "Albena op-B"]
[Site "Albena"]
[Date "2015.06.25"]
[Round "9"]
[White "Janchev, Petar"]
[Black "Schmid, Michael"]
[Result "1-0"]
[WhiteElo "2169"]
[BlackElo "2223"]
[PlyCount "105"]
[EventDate "2015.06.17"]
[EventType "swiss"]
[EventRounds "9"]
[EventCountry "BUL"]
[SourceTitle "CBM 167 Extra"]
[Source "ChessBase"]
[SourceDate "2015.09.14"]
[SourceVersion "1"]
[SourceVersionDate "2015.09.14"]
[SourceQuality "1"]

1. d4 f5 2. Nf3 Nf6 3. g3 g6 4. Bg2 d6 5. 0-0 Bg7 6. Nbd2 0-0 7. b4 a5 8. b5 Nbd7 9. Bb2 Re8 10. c4 e5 11. e3 e4 12. Ne1 Nb6 13. a4 Be6 14. Qe2 c6 15. Nc2 cxb5 16. axb5 Qc7 17. Na3 Rac8 18. Rac1 Nbd7 19. f3 exf3 20. Bxf3 Bf7 21. Qd3 Re7 22. Rfe1 Rce8 23. Re2 Ne4 24. Nf1 b6 25. Bg2 h5 26. Nb1 Bh6 27. Ba3 Ndf6 28. Nbd2 Qd7 29. Nxe4 Nxe4 30. Bb2 Kh7 31. Ba3 Rc8 32. Rec2 Ree8 33. Bb2 Qe7 34. Bxe4 Qxe4 35. Qxe4 Rxe4 36. Kf2 Rce8 37. Ba3 Rxe3 38. Nxe3 Bxe3+ 39. Kf3 Bxc1 40. Rxc1 Rd8 41. Kf4 d5 42. c5 bxc5 43. dxc5 d4 44. c6 d3 45. c7 Rc8 46. b6 Bd5 47. Rd1 Bb7 48. Rxd3 Re8 49. Kg5 Re6 50. Rd7+ Kg8 51. Rd8+ Kf7 52. Rb8 Ba6 53. b7 1-0

[Event "Albena op-B"]
[Site "Albena"]
[Date "2015.06.24"]
[Round "8"]
[White "Schmid, Michael"]
[Black "Popchev, Milko"]
[Result "0-1"]
[WhiteElo "2223"]
[BlackElo "2220"]
[PlyCount "82"]
[EventDate "2015.06.17"]
[EventType "swiss"]
[EventRounds "9"]
[EventCountry "BUL"]
[SourceTitle "CBM 167 Extra"]
[Source "ChessBase"]
[SourceDate "2015.09.14"]
[SourceVersion "1"]
[SourceVersionDate "2015.09.14"]
[SourceQuality "1"]

1. d4 d6 2. Nf3 Bg4 3. Bf4 Bxf3 4. gxf3 Nd7 5. Bh3 g6 6. c3 c6 7. Nd2 Bg7 8. Qb3 Qc7 9. e4 Ngf6 10. 0-0 Nh5 11. Be3 e5 12. Rfd1 0-0 13. a4 Rfe8 14. Nc4 exd4 15. cxd4 d5 16. exd5 cxd5 17. Na3 Nf8 18. Rac1 Qd8 19. Nb5 Qh4 20. Bf1 Ne6 21. Nc7 Nxd4 22. Rxd4 Bxd4 23. Nxa8 Be5 24. Bg2 Bxh2+ 25. Kf1 Bf4 26. Re1 Bxe3 27. Rxe3 Rxa8 28. Qxb7 Rd8 29. Qe7 Qxe7 30. Rxe7 Nf4 31. Kg1 d4 32. Bf1 d3 33. Re1 a5 34. Rd1 f5 35. Kh2 g5 36. b4 axb4 37. a5 Kg7 38. a6 Rd7 39. Bxd3 Nxd3 40. f4 b3 41. a7 Rxa7 0-1

[Event "Albena op-B"]
[Site "Albena"]
[Date "2015.06.22"]
[Round "6"]
[White "Schmid, Michael"]
[Black "Bashirinia, Omid"]
[Result "1-0"]
[WhiteElo "2223"]
[BlackElo "1983"]
[PlyCount "109"]
[EventDate "2015.06.17"]
[EventType "swiss"]
[EventRounds "9"]
[EventCountry "BUL"]
[SourceTitle "CBM 167 Extra"]
[Source "ChessBase"]
[SourceDate "2015.09.14"]
[SourceVersion "1"]
[SourceVersionDate "2015.09.14"]
[SourceQuality "1"]

1. e4 c6 2. Nc3 d5 3. Nf3 Bg4 4. h3 Bxf3 5. Qxf3 Nf6 6. g3 Nxe4 7. Nxe4 dxe4 8. Qxe4 Qd5 9. Bg2 Qxe4+ 10. Bxe4 Nd7 11. d4 Nf6 12. Bg2 e6 13. 0-0 Bd6 14. c4 0-0-0 15. Rd1 Rd7 16. Be3 Kb8 17. Rd3 Rhd8 18. Rad1 Bc5 19. b4 Bb6 20. Kf1 e5 21. c5 Bc7 22. b5 cxb5 23. c6 Rd6 24. cxb7 e4 25. Rb3 Rb6 26. Bg5 Re8 27. Rdb1 Nd5 28. Rxb5 f5 29. Bd2 Kxb7 30. Ba5 Rxb5 31. Rxb5+ Kc6 32. Rc5+ Kd6 33. Bxc7+ Nxc7 34. Rxf5 e3 35. Ra5 a6 36. Ke2 exf2+ 37. Kxf2 Re7 38. h4 h6 39. Bf1 Kc6 40. Rc5+ Kd6 41. Bg2 Re8 42. Rc6+ Kd7 43. Rb6 Rd8 44. Ke3 Re8+ 45. Kf2 Rd8 46. Rg6 Rf8+ 47. Ke3 Rf7 48. d5 a5 49. Bh3+ Kd8 50. Kd4 Nb5+ 51. Kc5 Nc3 52. Ra6 Rc7+ 53. Kd4 Ne2+ 54. Ke5 Re7+ 55. Be6 1-0

[Event "Schweinfurt op 24th"]
[Site "Schweinfurt"]
[Date "2014.06.22"]
[Round "7"]
[White "Schmid, Michael"]
[Black "Mueller, Gerhard"]
[Result "1-0"]
[WhiteElo "2227"]
[BlackElo "1840"]
[PlyCount "49"]
[EventDate "2014.06.19"]
[EventType "swiss"]
[EventRounds "7"]
[EventCountry "GER"]
[SourceTitle "CBM 161 Extra"]
[Source "ChessBase"]
[SourceDate "2014.08.29"]
[SourceVersion "1"]
[SourceVersionDate "2014.08.29"]
[SourceQuality "1"]

1. e4 d5 2. exd5 Qxd5 3. Nc3 Qa5 4. b4 Qxb4 5. Rb1 Qd6 6. Nf3 a6 7. d4 Nd7 8. Bd3 Ngf6 9. 0-0 c6 10. Re1 g6 11. Rb3 e6 12. Ne5 Qc7 13. Ng4 Nxg4 14. Qxg4 Bg7 15. Ba3 Nf6 16. Qf3 a5 17. d5 a4 18. Rbb1 Ra7 19. Bc5 Ra8 20. dxc6 bxc6 21. Ba3 Ra5 22. Be4 Bd7 23. Red1 Nxe4 24. Nxe4 c5 25. Nd6+ 1-0

[Event "Schweinfurt op 24th"]
[Site "Schweinfurt"]
[Date "2014.06.22"]
[Round "6"]
[White "Ziegler, Michael"]
[Black "Schmid, Michael"]
[Result "1-0"]
[WhiteElo "2158"]
[BlackElo "2227"]
[PlyCount "121"]
[EventDate "2014.06.19"]
[EventType "swiss"]
[EventRounds "7"]
[EventCountry "GER"]
[SourceTitle "CBM 161 Extra"]
[Source "ChessBase"]
[SourceDate "2014.08.29"]
[SourceVersion "1"]
[SourceVersionDate "2014.08.29"]
[SourceQuality "1"]

1. d4 f5 2. g3 g6 3. Bg2 Bg7 4. Nf3 Nf6 5. 0-0 0-0 6. c4 d6 7. Nc3 Nc6 8. d5 Ne5 9. Nxe5 dxe5 10. e4 e6 11. Qb3 exd5 12. cxd5 Kh8 13. Rd1 Ne8 14. f3 Nd6 15. Bd2 Bd7 16. Rac1 Rf7 17. a4 h5 18. Rf1 f4 19. gxf4 exf4 20. Ne2 Qg5 21. Kh1 Raf8 22. Ng1 Kh7 23. Bc3 Qh4 24. Bxg7 Rxg7 25. Rxc7 Rff7 26. Qb4 Qf6 27. Re1 Qe5 28. Qc3 Qg5 29. b3 Qd8 30. Rc1 g5 31. Qd4 g4 32. Rxd7 Qxd7 33. e5 Nf5 34. Qe4 Qd8 35. Ne2 gxf3 36. Bxf3 Kg8 37. Nxf4 Rf8 38. Ne6 Qb6 39. Nxf8 Qh6 40. Rg1 Rxg1+ 41. Kxg1 Qg5+ 42. Kf2 Kxf8 43. Ke2 Ke8 44. d6 Ng7 45. Qxb7 Qxe5+ 46. Qe4 Qxe4+ 47. Bxe4 Kd7 48. Ke3 Kxd6 49. Kf4 Ne6+ 50. Kg3 Nd4 51. b4 Ke5 52. Bg6 a6 53. Bxh5 Nc6 54. b5 axb5 55. axb5 Nd4 56. b6 Nf5+ 57. Kg4 Nd6 58. Kg5 Ke6 59. Kg6 Ke7 60. Bg4 Nc4 61. b7 1-0

[Event "SUI-chT"]
[Site "Switzerland"]
[Date "2009.09.06"]
[Round "7.8"]
[White "Umbach, Andreas"]
[Black "Schmid, Michael"]
[Result "1-0"]
[WhiteElo "2297"]
[BlackElo "2208"]
[PlyCount "47"]
[EventDate "2009.02.22"]
[EventType "team-tourn"]
[EventRounds "9"]
[EventCountry "SUI"]
[SourceTitle "EXT 2011"]
[Source "ChessBase"]
[SourceDate "2010.11.26"]
[SourceVersion "1"]
[SourceVersionDate "2010.11.26"]
[SourceQuality "1"]
[WhiteTeam "Wollishofen"]
[BlackTeam "Bodan"]
[WhiteTeamCountry "SUI"]
[BlackTeamCountry "SUI"]

1. e4 e6 2. d4 d5 3. Nc3 Bb4 4. e5 c5 5. a3 Bxc3+ 6. bxc3 Qe7 7. Nf3 f5 8. a4 Nd7 9. c4 b6 10. cxd5 exd5 11. Bb5 Bb7 12. 0-0 a6 13. e6 axb5 14. exd7+ Qxd7 15. Re1+ Kf8 16. Ne5 Qe8 17. Nd3 Qc8 18. Bf4 Nf6 19. axb5 Rxa1 20. Qxa1 Kg8 21. Re7 Ne8 22. Qa7 c4 23. Nb4 Ba8 24. Be5 1-0

[Event "SUI-chT"]
[Site "Switzerland"]
[Date "2009.09.05"]
[Round "6.4"]
[White "Schmid, Michael"]
[Black "Sedina, Elena"]
[Result "1/2-1/2"]
[WhiteElo "2208"]
[BlackElo "2374"]
[PlyCount "146"]
[EventDate "2009.02.22"]
[EventType "team-tourn"]
[EventRounds "9"]
[EventCountry "SUI"]
[SourceTitle "EXT 2011"]
[Source "ChessBase"]
[SourceDate "2010.11.26"]
[SourceVersion "1"]
[SourceVersionDate "2010.11.26"]
[SourceQuality "1"]
[WhiteTeam "Bodan"]
[BlackTeam "Mendrisio"]
[WhiteTeamCountry "SUI"]
[BlackTeamCountry "SUI"]

1. Nf3 d5 2. g3 c6 3. d3 Bg4 4. Bg2 Nf6 5. Nbd2 Nbd7 6. 0-0 e5 7. e4 Bd6 8. h3 Bh5 9. Qe2 0-0 10. Kh2 Re8 11. a4 a5 12. Re1 Nc5 13. Qf1 Qc7 14. Nh4 Rad8 15. Bf3 Bxf3 16. Nhxf3 Nfd7 17. Nh4 Nb6 18. b3 Ne6 19. Bb2 f6 20. Rad1 Bb4 21. Re2 dxe4 22. Nxe4 Nd5 23. c3 Bf8 24. Qg2 Qb6 25. Qf3 Qxb3 26. Red2 Qb6 27. Qg4 Kh8 28. Qh5 Qc7 29. Rb1 Kg8 30. Qg4 Nc5 31. Rbd1 Qf7 32. Nf5 Kh8 33. Ba3 b6 34. Nxc5 Bxc5 35. Bxc5 bxc5 36. Qc4 Qd7 37. Nh4 Qe7 38. Rb1 Rb8 39. Rdb2 Rxb2 40. Rxb2 g6 41. Qa6 Qd6 42. Qxa5 Nc7 43. Rb7 Ne6 44. Qa7 Ng5 45. Rg7 Qxd3 46. Qd7 Qxd7 47. Rxd7 Ra8 48. Rd6 Ne4 49. Rxc6 Rxa4 50. f3 Ra2+ 51. Kg1 Nxg3 52. Rxc5 g5 53. Ng2 Ne2+ 54. Kf1 Ng3+ 55. Kg1 e4 56. fxe4 Ra1+ 57. Kh2 Nf1+ 58. Kg1 Nd2+ 59. Kh2 Nxe4 60. Rc7 h5 61. Ne3 Ra2+ 62. Kg1 h4 63. c4 Ra3 64. Nd5 Rxh3 65. Re7 f5 66. Rf7 Rg3+ 67. Kh2 Rf3 68. Ne7 Nd6 69. Rf6 Nxc4 70. Nxf5 Nd6 71. Rh6+ Kg8 72. Nxd6 Kg7 73. Re6 g4 1/2-1/2

[Event "Zuerich Jubilee op"]
[Site "Zuerich"]
[Date "2009.08.09"]
[Round "1"]
[White "Bauer, Christian"]
[Black "Schmid, Michael"]
[Result "1-0"]
[WhiteElo "2602"]
[BlackElo "2210"]
[PlyCount "81"]
[EventDate "2009.08.09"]
[EventType "swiss"]
[EventRounds "9"]
[EventCountry "SUI"]
[SourceTitle "CBM 131 Extra"]
[Source "ChessBase"]
[SourceDate "2009.09.03"]
[SourceVersion "2"]
[SourceVersionDate "2009.09.16"]
[SourceQuality "1"]

1. b3 Nf6 2. Bb2 g6 3. Bxf6 exf6 4. c4 Bg7 5. Nc3 f5 6. e3 d6 7. Nge2 Nd7 8. g3 Nf6 9. Bg2 0-0 10. d3 c6 11. Rb1 a5 12. 0-0 h5 13. d4 h4 14. gxh4 Ng4 15. h3 Nh6 16. h5 Qh4 17. hxg6 fxg6 18. Nf4 Kh7 19. Na4 Bf6 20. Nb6 Rb8 21. Nxc8 Rbxc8 22. Qf3 g5 23. Nd3 Rcd8 24. b4 Rg8 25. Qg3 Qh5 26. bxa5 Rg7 27. Rb3 g4 28. Nf4 Qf7 29. Rfb1 Rd7 30. a6 gxh3 31. Qxh3 bxa6 32. d5 cxd5 33. Nxd5 Rg4 34. Rb7 Bg7 35. Rxd7 Qxd7 36. e4 fxe4 37. Ne3 Kg8 38. Rb8+ Kf7 39. Nxg4 Nxg4 40. Bxe4 Nf6 41. Rb7 1-0

[Event "SUI-chT"]
[Site "Switzerland"]
[Date "2009.04.26"]
[Round "3.7"]
[White "Schmid, Michael"]
[Black "Kuehn, Peter"]
[Result "0-1"]
[WhiteElo "2208"]
[BlackElo "2412"]
[PlyCount "64"]
[EventDate "2009.02.22"]
[EventType "team-tourn"]
[EventRounds "9"]
[EventCountry "SUI"]
[SourceTitle "EXT 2011"]
[Source "ChessBase"]
[SourceDate "2010.11.26"]
[SourceVersion "1"]
[SourceVersionDate "2010.11.26"]
[SourceQuality "1"]
[WhiteTeam "Bodan"]
[BlackTeam "Reichenstein"]
[WhiteTeamCountry "SUI"]
[BlackTeamCountry "SUI"]

1. Nf3 d5 2. g3 Nf6 3. Bg2 Bf5 4. d3 e6 5. 0-0 h6 6. Nbd2 Be7 7. Qe1 Bh7 8. e4 0-0 9. e5 Nfd7 10. Qe2 c5 11. Re1 Nc6 12. Nf1 b5 13. h4 a5 14. Bf4 a4 15. N1h2 c4 16. dxc4 bxc4 17. Rad1 Qb6 18. Bc1 Nb4 19. Nd4 Bc5 20. Nhf3 Nxa2 21. Be3 a3 22. Qd2 axb2 23. Bxh6 Bxd4 24. Qg5 Bxf2+ 25. Kh2 Bg6 26. h5 gxh6 27. Qxh6 Bxc2 28. Ng5 Bxe1 29. Rxe1 b1Q 30. Rxb1 Bxb1 31. Bxd5 exd5 32. e6 Qb2+ 0-1

[Event "Verbandsliga Sued Baden 0809"]
[Site "Germany"]
[Date "2009.02.08"]
[Round "6.2"]
[White "Partos, Charles"]
[Black "Schmid, Michael"]
[Result "1-0"]
[WhiteElo "2346"]
[BlackElo "2219"]
[PlyCount "83"]
[EventDate "2008.09.28"]
[EventType "team"]
[EventRounds "9"]
[EventCountry "GER"]
[SourceTitle "EXT 2010"]
[Source "ChessBase"]
[SourceDate "2010.11.25"]
[SourceVersion "1"]
[SourceVersionDate "2010.11.25"]
[SourceQuality "1"]
[WhiteTeam "Dreilaendereck"]
[BlackTeam "Pfullendorf"]
[WhiteTeamCountry "GER"]
[BlackTeamCountry "GER"]

1. d4 Nf6 2. c4 g6 3. Nc3 Bg7 4. e4 d6 5. h3 0-0 6. Bg5 h6 7. Be3 e5 8. d5 a5 9. Qd2 Kh7 10. g4 Ng8 11. Bd3 f5 12. exf5 gxf5 13. gxf5 Bxf5 14. Bxf5+ Rxf5 15. Qc2 Ne7 16. Nge2 Kh8 17. Ng3 Rf7 18. 0-0-0 Qd7 19. Rdg1 Na6 20. Qd2 Nf5 21. Nxf5 Qxf5 22. Bxh6 Bxh6 23. Qxh6+ Rh7 24. Qg5 Rf8 25. Qxf5 Rxf5 26. Ne4 Rf4 27. f3 Nc5 28. Nd2 e4 29. fxe4 Nxe4 30. Nxe4 Rxe4 31. b3 Re2 32. Kb1 Rhe7 33. Rc1 Rf2 34. Rhe1 Ree2 35. Rxe2 Rxe2 36. Rc2 Re1+ 37. Kb2 Re3 38. Rh2 c6 39. dxc6 bxc6 40. Rd2 Re6 41. Ka3 Rh6 42. Ka4 1-0

[Event "Verbandsliga Sued Baden 0809"]
[Site "Germany"]
[Date "2008.10.12"]
[Round "2.2"]
[White "Schmid, Michael"]
[Black "Reinhart, Emmanuel"]
[Result "1/2-1/2"]
[WhiteElo "2219"]
[BlackElo "2329"]
[PlyCount "71"]
[EventDate "2008.09.28"]
[EventType "team"]
[EventRounds "9"]
[EventCountry "GER"]
[SourceTitle "EXT 2010"]
[Source "ChessBase"]
[SourceDate "2010.11.25"]
[SourceVersion "1"]
[SourceVersionDate "2010.11.25"]
[SourceQuality "1"]
[WhiteTeam "Pfullendorf"]
[BlackTeam "Oberwinden"]
[WhiteTeamCountry "GER"]
[BlackTeamCountry "GER"]

1. Nf3 d5 2. g3 c6 3. Bg2 Nf6 4. d3 Bf5 5. 0-0 h6 6. Nbd2 e6 7. Qe1 Be7 8. e4 Bh7 9. Qe2 0-0 10. Re1 Na6 11. e5 Nd7 12. Nf1 c5 13. g4 Nb4 14. a3 Nc6 15. Bf4 Rc8 16. Ng3 Nd4 17. Nxd4 cxd4 18. Nh5 Re8 19. Bg3 Rc6 20. Red1 Qb6 21. b3 Rec8 22. Ra2 Qc7 23. Rd2 Ra6 24. f4 Rxa3 25. Rxa3 Bxa3 26. Qf3 Bc1 27. Re2 Be3+ 28. Bf2 Qc5 29. h4 g6 30. Ng3 g5 31. hxg5 hxg5 32. Bxe3 dxe3 33. fxg5 Nxe5 34. Qf4 Nd7 35. Nh5 Qe7 36. Nf6+ 1/2-1/2

[Event "SUI-chT"]
[Site "Switzerland"]
[Date "2006.10.01"]
[Round "9.4"]
[White "Schmid, Michael"]
[Black "Sutter, Oliver"]
[Result "0-1"]
[WhiteElo "2180"]
[BlackElo "2422"]
[PlyCount "130"]
[EventDate "2006.02.26"]
[EventType "team-tourn"]
[EventRounds "9"]
[EventCountry "SUI"]
[SourceTitle "EXT 2007"]
[Source "ChessBase"]
[SourceDate "2006.11.23"]
[SourceVersion "1"]
[SourceVersionDate "2006.11.23"]
[SourceQuality "1"]
[WhiteTeam "Bodan"]
[BlackTeam "Winterthur"]
[WhiteTeamCountry "SUI"]
[BlackTeamCountry "SUI"]

1. Nf3 Nf6 2. g3 c5 3. Bg2 Nc6 4. d3 d5 5. Nbd2 e5 6. e4 Be7 7. 0-0 0-0 8. a4 Be6 9. Ng5 Bg4 10. f3 Bh5 11. g4 Bg6 12. Nh3 h5 13. Nf2 dxe4 14. dxe4 Qc7 15. c3 Na5 16. Qe2 c4 17. h3 Nd7 18. Rd1 Qc6 19. Nf1 Nc5 20. Ne3 Nab3 21. Rb1 Nxc1 22. Rbxc1 Bg5 23. Nd5 Nxa4 24. Ra1 Nb6 25. Bf1 Rfd8 26. Nxb6 Qxb6 27. Qxc4 Rxd1 28. Rxd1 Qxb2 29. Rd7 Be3 30. Qe2 Qxc3 31. Rxb7 Rd8 32. Rb2 Bb6 33. Kg2 Kh7 34. Rc2 Qd4 35. Rc4 Qd2 36. Rc2 Qd6 37. Qc4 Rd7 38. Qb5 f6 39. Bc4 Rc7 40. Qb3 Be8 41. Re2 Kh6 42. Bd5 Qc5 43. Qd1 Bb5 44. Rb2 a6 45. gxh5 Qc1 46. Qxc1+ Rxc1 47. Bf7 Bd4 48. Rd2 Kg5 49. Kg3 Rg1+ 50. Kh2 Rf1 51. Kg3 Rg1+ 52. Kh2 Be3 53. Ra2 Re1 54. Ng4 Bf4+ 55. Kg2 Kh4 56. Rf2 a5 57. h6 Bxh6 58. Nxh6 gxh6 59. Rb2 Re2+ 60. Rxe2 Bxe2 61. Bb3 Bb5 62. f4 a4 63. Bc2 a3 64. Bb3 Bd3 65. fxe5 Bxe4+ 0-1

[Event "SUI-chT"]
[Site "Switzerland"]
[Date "2006.09.30"]
[Round "8.4"]
[White "Sermier, Guillaume"]
[Black "Schmid, Michael"]
[Result "1-0"]
[WhiteElo "2377"]
[BlackElo "2180"]
[PlyCount "83"]
[EventDate "2006.02.26"]
[EventType "team-tourn"]
[EventRounds "9"]
[EventCountry "SUI"]
[SourceTitle "EXT 2007"]
[Source "ChessBase"]
[SourceDate "2006.11.23"]
[SourceVersion "1"]
[SourceVersionDate "2006.11.23"]
[SourceQuality "1"]
[WhiteTeam "Lausanne"]
[BlackTeam "Bodan"]
[WhiteTeamCountry "SUI"]
[BlackTeamCountry "SUI"]

1. e4 e6 2. d4 d5 3. Nc3 Bb4 4. e5 c5 5. a3 cxd4 6. Qxd4 Nc6 7. Bb5 Bd7 8. Bxc6 Bxc3+ 9. Qxc3 Bxc6 10. Ne2 Bb5 11. Nd4 Ba6 12. Bd2 Ne7 13. Qg3 Qb6 14. Bc3 Rc8 15. 0-0-0 0-0 16. h4 Rc4 17. h5 h6 18. Rh4 Kh8 19. Bb4 Qd8 20. Rf4 Rc7 21. Qf3 Kg8 22. g4 Re8 23. Rxf7 Nc6 24. Rxc7 Qxc7 25. Bd6 Qf7 26. Qxf7+ Kxf7 27. Nxc6 bxc6 28. Kd2 g6 29. hxg6+ Kxg6 30. Ke3 Rh8 31. Rd4 Rh7 32. Rf4 Rf7 33. Rxf7 Kxf7 34. Bc5 Kg6 35. Bxa7 Kg5 36. f3 h5 37. gxh5 Kxh5 38. Kd4 Be2 39. Kc5 Bxf3 40. Kd6 Bg4 41. Kxc6 Kg5 42. b4 1-0

[Event "SUI-chT"]
[Site "Switzerland"]
[Date "2006.09.03"]
[Round "7.6"]
[White "Zenklusen, Rico"]
[Black "Schmid, Michael"]
[Result "1-0"]
[WhiteElo "2342"]
[BlackElo "2180"]
[PlyCount "53"]
[EventDate "2006.02.26"]
[EventType "team-tourn"]
[EventRounds "9"]
[EventCountry "SUI"]
[SourceTitle "EXT 2007"]
[Source "ChessBase"]
[SourceDate "2006.11.23"]
[SourceVersion "1"]
[SourceVersionDate "2006.11.23"]
[SourceQuality "1"]
[WhiteTeam "Wollishofen"]
[BlackTeam "Bodan"]
[WhiteTeamCountry "SUI"]
[BlackTeamCountry "SUI"]

1. e4 e6 2. d4 d5 3. e5 c5 4. c3 Nc6 5. Nf3 Qb6 6. a3 c4 7. Nbd2 Na5 8. Be2 Bd7 9. 0-0 f6 10. Rb1 fxe5 11. Nxe5 Nf6 12. Re1 Bd6 13. Nxd7 Kxd7 14. b3 cxb3 15. Nxb3 Nxb3 16. Rxb3 Qc7 17. Bb5+ Ke7 18. Qe2 Qc8 19. c4 a6 20. Ba4 dxc4 21. Rxb7+ Qxb7 22. Qxe6+ Kf8 23. Qxd6+ Kf7 24. Qe6+ Kf8 25. Bc6 Qa7 26. Bxa8 Qxa8 27. Bf4 1-0